LEADER 01498nam a2200337 a 4500 001 000000149055 003 CaOOAMICUS 005 20160203100545.0 008 160203s2016 ne u000 u eng r 020 $z9789004307810* 032 $aLibriCat 040 $aPUL$bita 082 04$a225.5 100 1 $aMcFarland, Orrey.$0(OLS)http://pul/name/94502 245 10$aGod and grace in Philo and Paul / $cby Orrey McFarland. 260 $aLeiden ;$aBoston :$bBrill,$c©2016. 300 $aX, 275 p. ;$c25 cm. 490 1 $aSupplements to Novum Testamentum ;$v164 504 $aInclude riferimenti bibliografici e indici. 600 04$aPhilo Alexandrinus,$d20 a.C.-c. 45 d.C.$xCritica e interpretazione.$0(OLS)http://pul/subject/1226 630 04$aBiblia.$pN.T.$pPauli epistolae$xCritica e interpretazione.$0(OLS)http://pul/subject/36488 650 4$aGrazia (teologia)$xDottrine$xStoria.$0(OLS)http://pul/subject/10276 830 0$aSupplements to Novum Testamentum ;$v164.$0(OLS)http://pul/title/4774 850 $aPUL 852 $aPUL$W1$xSL Religione 3$y85$m225. 5 COLL 1.164$j171746$qDDC 21$B173287$CPULBib$Z2$F173287 $H127010 $81 941 1 $a9 996 $6020$z9789004307810*$9(OLS)http://pul/number/159526 996 $6082$a225.5$9(OLS)http://pul/classification/1678 996 $6245$aGod and grace in Philo and Paul / $9(OLS)http://pul/title/187939 996 $6260$aLeiden ;$aBoston :$bBrill$9(OLS)http://pul/publisher/68781 LEADER 01753nam a2200361 a 4500 001 000000174827 003 CaOOAMICUS 005 20211015110044.0 008 211015s2018 it u000 u ita r 020 $a978-88-995-1502-7* 032 $aLibriCat 040 $aPUL$bita 082 04$a261.83 245 00$aChiesa italiana e salute mentale : c$bcultura del provvisorio, scarti e nuovi poveri : il disagio psichico al tempo della tecnoliquidità /$ca cura di Massimo Angelelli, Tonino Cantelmi, Alberto Siracusano. 260 $aBologna :$bEditrice missionaria italiana,$c©2010. 300 $a282 p. ;$c23 cm 490 1 $aLe domande di senso ;$v1 500 $aInclude indice. 504 $aBibliografia in nota a piè pagina. 650 4$aChiesa e società$ySec. XXI.$0(OLS)http://pul/subject/42644 650 4$aPastorale sanitaria.$0(OLS)http://pul/subject/44832 700 1 $aAngelelli, Massimo.$0(OLS)http://pul/name/78081 700 1 $aCantelmi, Tonino.$0(OLS)http://pul/name/52816 700 1 $aSiracusano, Alberto.$0(OLS)http://pul/name/112388 830 3$aLe domande di senso ;$v1.$0(OLS)http://pul/title/214664 850 $aPUL 852 $aPUL$W1$xSL Religione 3$y85$m261. 83 ANGMA 1$j199125$qDDC 21$B203775$CPULBib$Z2$F203775 $H135213 $82 941 1 $a9 996 $6020$a978-88-995-1502-7*$9(OLS)http://pul/number/168383 996 $6082$a261.83$9(OLS)http://pul/classification/2162 996 $6245$aChiesa italiana e salute mentale : c$bcultura del provvisorio, scarti e nuovi poveri : il disagio psichico al tempo della tecnoliquidità$9(OLS)http://pul/title/216180 996 $6260$aBologna :$bEditrice missionaria italiana$9(OLS)http://pul/publisher/58567